ARRUPE JESUIT UNIVERSITY

CORONAVIRUS -STOP THE SPREAD - CLEAN,DISINFECT,COVER

The cultural meaning of the scientific revolution / (Record no. 122859)

MARC details
000 -LEADER
fixed length control field 01187cam a2200385 a 4500
001 - CONTROL NUMBER
control field 782441
003 - CONTROL NUMBER IDENTIFIER
control field ARRUPE
005 - DATE AND TIME OF LATEST TRANSACTION
control field 20150520150509.0
008 - FIXED-LENGTH DATA ELEMENTS--GENERAL INFORMATION
fixed length control field 890922s1988 nyua b 001 0 eng
010 ## - LIBRARY OF CONGRESS CONTROL NUMBER
LC control number 87019713
020 ## - INTERNATIONAL STANDARD BOOK NUMBER
International Standard Book Number 0394327993 (pbk.) :
Terms of availability $8.00
035 ## - SYSTEM CONTROL NUMBER
System control number (OCoLC)16579069
035 ## - SYSTEM CONTROL NUMBER
System control number (OCoLC)ocm16579069
035 ## - SYSTEM CONTROL NUMBER
System control number (CStRLIN)NYCG89-B68383
035 ## - SYSTEM CONTROL NUMBER
System control number (NNC)782441
040 ## - CATALOGING SOURCE
Transcribing agency DCL
050 0# - LIBRARY OF CONGRESS CALL NUMBER
Classification number Q175.5
Item number .J3 1988
082 0# - DEWEY DECIMAL CLASSIFICATION NUMBER
Classification number 303.4/83
Edition number 19
090 ## - LOCALLY ASSIGNED LC-TYPE CALL NUMBER (OCLC); LOCAL CALL NUMBER (OCLC)
Classification number (OCLC) (R) ; Classification number, CALL (RLIN) (NR) Q175.5
Local cutter number (OCLC) ; Book number/undivided call number, CALL (RLIN) .J3 1988
300 ## - PHYSICAL DESCRIPTION
Other physical details ill. ;
Dimensions 21 cm.
100 1# - MAIN ENTRY--PERSONAL NAME
Personal name Jacob, Margaret C.,
Dates associated with a name 1943-
9 (RLIN) 17891
245 14 - TITLE STATEMENT
Title The cultural meaning of the scientific revolution /
Statement of responsibility, etc Margaret C. Jacob.
250 ## - EDITION STATEMENT
Edition statement 1st ed.
260 ## - PUBLICATION, DISTRIBUTION, ETC. (IMPRINT)
Place of publication, distribution, etc New York :
Name of publisher, distributor, etc A.A. Knopf,
Date of publication, distribution, etc c1988.
300 ## - PHYSICAL DESCRIPTION
Extent xii, 274 p. :
490 1# - SERIES STATEMENT
Series statement New perspectives on European history
500 ## - GENERAL NOTE
General note Includes indexes.
504 ## - BIBLIOGRAPHY, ETC. NOTE
Bibliography, etc Bibliography: p. 255-261.
650 #0 - SUBJECT ADDED ENTRY--TOPICAL TERM
Topical term or geographic name as entry element Science
General subdivision Social aspects
-- History.
9 (RLIN) 17705
650 #0 - SUBJECT ADDED ENTRY--TOPICAL TERM
Topical term or geographic name as entry element Science
General subdivision History.
9 (RLIN) 17892
650 #0 - SUBJECT ADDED ENTRY--TOPICAL TERM
Topical term or geographic name as entry element Science and industry
General subdivision History.
9 (RLIN) 17893
830 #0 - SERIES ADDED ENTRY--UNIFORM TITLE
Uniform title New perspectives on European history.
9 (RLIN) 17894
942 ## - ADDED ENTRY ELEMENTS (KOHA)
Source of classification or shelving scheme Library of Congress Classification
Koha item type Monograph ( Printed materials)
948 2# - LOCAL PROCESSING INFORMATION (OCLC); SERIES PART DESIGNATOR (RLIN)
Series part designator, SPT (RLIN) 20100205
b (OCLC) a
c (OCLC) sl13
d (OCLC) MPS
Holdings
Withdrawn status Lost status Source of classification or shelving scheme Damaged status Not for loan Collection code Home library Current library Shelving location Date acquired Total Checkouts Full call number Barcode Date last seen Date checked out Price effective from Koha item type
    Library of Congress Classification     Main Collection ARRUPE LIBRARY ARRUPE LIBRARY Main Collection 20/05/2015 3 Q175.5J3 1988 46500002314 27/09/2021 01/09/2021 20/05/2015 Monograph ( Printed materials)

 

Arrupe Library. PO Box MP320 Mt Pleasant, Harare, Zimbabwe
263 242 745411|librarian@aju.ac.zw